Language Quiz

Random Language or World Quiz

A World Language Logic Puzzle Quiz Stats

 Plays Quiz Updated Jul 17, 2018

Challenge
Share
Tweet
Score 0/30 Timer 15:00
65 Plays Today
hint answer % Correct
1???
100%
7???
73.6%
16???
66.2%
28???
56.8%
3???
48.2%
10???
46.2%
15???
40.4%
13???
35.6%
12???
34.1%
25???
32.9%
11???
30.6%
6???
29%
8???
27.9%
17???
27.9%
2???
26.6%
hint answer % Correct
18???
26%
9???
26%
14???
24.8%
30???
20.9%
4???
20.3%
5???
18.1%
21???
16.1%
23???
15.4%
20???
15%
27???
14.5%
29???
14.4%
19???
14.4%
26???
13.3%
24???
12.8%
22???
12%

You're not logged in!

Compare scores with friends on all Sporcle quizzes.
OR
Log In

You Might Also Like...

Show Comments

Extras

Top Quizzes Today


Score Distribution

Your Account Isn't Verified!

In order to create a playlist on Sporcle, you need to verify the email address you used during registration. Go to your Sporcle Settings to finish the process.

Report this User

Report this user for behavior that violates our Community Guidelines.

Details: